| 000 | 01753nam a2200217Ia 4500 | ||
|---|---|---|---|
| 003 | Ost | ||
| 005 | 20260416102358.0 | ||
| 008 | 260416s9999||||xx |||||||||||||| ||und|| | ||
| 040 | _cfsecg | ||
| 041 | _aara | ||
| 082 | _a657.835 | ||
| 100 |
_aمداح،عبد الباسط _eمؤلف |
||
| 245 | 0 |
_a معايير الإبلاغ المالي IFRS / _cعبد الباسط مداح |
|
| 260 |
_aالجزائر _bجامعة الجزائر3: كلية العلوم الإقتصادية، العلوم التجارية وعلوم التسيير _c2022 |
||
| 300 |
_a153 ورقة _bايضاحات _c30 سم |
||
| 520 | _a مدخل إلى معايي الإبلاغ الما لي،تبني معايير الإبلاغ المالي الدولية لأول مرة، المدفوعات على أساس الأسهم ، اندماج الأعما ل ، الأصول غير المتداولة المحتفظ بها لغرض البيع ، استكشاف وتقييم الثروات الطبيعية ، الأدوات المالية –الإفصا ح ، القطاعات التشغيلية ، الأوراق المالية ، القوائم المالية الموحدة ، الترتيبات المشتركة ، الإفصاح عن المصالح في الكيانات الأخرى ، القيمة العادلة ، الحسابات النظامية المؤجلة ، الإيراد من العقود مع الزبائن ، عقود الإيجا ر. | ||
| 653 | _aالنظام المحاسبي الموحد | ||
| 653 | _aمعايير الابلاغ المالي الدولية IFRS | ||
| 710 |
_aجامعة الجزائر3: كلية العلوم الإقتصادية، العلوم التجارية وعلوم التسيير _eناشر علمي |
||
| 942 | _cHANDOUT | ||
| 999 |
_c41281 _d41281 |
||